[Event "FRA-chT4 0001"]
[Site "Bretagne"]
[Date "2001.01.14"]
[Round "4"]
[White "Pilard, Arnaud"]
[Black "Daniel, Jean Claude"]
[Result "1-0"]
[WhiteElo "1700"]
[BlackElo "1530"]
[PlyCount "102"]
[EventDate "2000.10.??"]
[EventType "team"]
[EventRounds "7"]
[EventCountry "FRA"]
[SourceTitle "EXT 2005"]
[Source "ChessBase"]
[SourceDate "2004.11.15"]
[SourceVersion "1"]
[SourceVersionDate "2004.11.15"]
[SourceQuality "1"]

1. e4 d5 2. exd5 Qxd5 3. Nc3 Qd8 4. Bc4 Nf6 5. Nge2 Bg4 6. d4 e6 7. Be3 Be7 8. Qd2 Nbd7 9. 0-0-0 c6 10. f3 Bf5 11. h4 h6 12. g4 Bh7 13. g5 hxg5 14. hxg5 Nd5 15. Nxd5 exd5 16. Bd3 g6 17. Rh3 Qc7 18. Bf4 Bd6 19. Qe3+ Kd8 20. Rdh1 Nf8 21. Be5 Bxe5 22. dxe5 Qe7 23. f4 Kc7 24. Nc3 Rd8 25. Qxa7 Qb4 26. Ne2 c5 27. a3 Qb6 28. Qxb6+ Kxb6 29. c3 Kc6 30. Bc2 b6 31. Bb3 Rd7 32. Kd2 Rd8 33. Ke3 Rd7 34. Bc2 Ra7 35. Kf3 Re7 36. Kf2 Kd7 37. b4 Kc6 38. a4 Ra7 39. b5+ Kc7 40. Bb3 c4 41. Bc2 Kd7 42. Nd4 Ra8 43. Nc6 Ke6 44. Ke3 Nd7 45. Rxh7 Rxh7 46. Rxh7 Nc5 47. Nd4+ Ke7 48. f5 gxf5 49. g6 Rf8 50. Bxf5 Ke8 51. g7 f6 1-0

[Event "Clermont Ferrand op"]
[Site "Clermont Ferrand "]
[Date "1997.02.22"]
[Round "5"]
[White "Sojka, Bernard"]
[Black "Daniel, Jean Claude"]
[Result "1-0"]
[WhiteElo "1890"]
[BlackElo "2000"]
[PlyCount "83"]
[EventDate "1997.02.??"]
[EventType "swiss"]
[EventRounds "9"]
[EventCountry "FRA"]
[SourceTitle "EXT 2004"]
[Source "ChessBase"]
[SourceDate "2003.11.25"]
[SourceVersion "1"]
[SourceVersionDate "2003.11.25"]
[SourceQuality "1"]

1. e3 d5 2. Nf3 f5 3. c4 e6 4. cxd5 exd5 5. Nc3 Nf6 6. d3 Be7 7. Be2 0-0 8. 0-0 c6 9. h3 Qe8 10. Nh2 Kh8 11. f4 Be6 12. Nf3 Nbd7 13. Qe1 Bf7 14. Ng5 Bg8 15. Kh1 h6 16. Nf3 Bf7 17. Rg1 Bh5 18. Nd4 Bxe2 19. Ncxe2 Qg6 20. Qg3 Qh7 21. Qf3 Nc5 22. Rd1 Bd6 23. b4 Ncd7 24. a3 Rae8 25. Bb2 h5 26. Ng3 g6 27. Re1 Kg8 28. Kg1 h4 29. Nh1 Re7 30. Re2 Rfe8 31. Rae1 Kf7 32. Qf2 Rh8 33. Nf3 Qh6 34. Ng5+ Kg8 35. Qf3 Qf8 36. e4 fxe4 37. dxe4 dxe4 38. Nxe4 Nxe4 39. Rxe4 Rh5 40. Qg4 Nf6 41. Qxg6+ Rg7 42. Qxf6 1-0